Mcts self-paced training kit (exam 70-667) : (Record no. 60569)

MARC details
000 -LEADER
fixed length control field 00919nam a22002417a 4500
005 - DATE AND TIME OF LATEST TRANSACTION
control field 2012011008388.0
008 - FIXED-LENGTH DATA ELEMENTS--GENERAL INFORMATION
fixed length control field 120110t xxu||||| |||| 00| 0 eng d
010 ## - LCCN (DPL NO)
LC control number ENG-104665
020 ## - INTERNATIONAL STANDARD BOOK NUMBER
International Standard Book Number 9788120344891
Terms of availability 695.00
035 ## - SYSTEM CONTROL NUMBER
System control number EN-88198
037 ## - SOURCE OF ACQUISITION
Source of stock number/acquisition DBAD/PUB
040 ## - CATALOGING SOURCE
Original cataloging agency DPL
Language of cataloging Eng
082 ## - DEWEY DECIMAL CLASSIFICATION NUMBER
Classification number 004.682
100 1# - MAIN ENTRY--PERSONAL NAME
Personal name Holme, Dan
9 (RLIN) 38729
245 10 - TITLE STATEMENT
Title Mcts self-paced training kit (exam 70-667) :
Remainder of title configuring microsoft sharepoint 2010 /
Statement of responsibility, etc by Dan Holme [and] Alistair Matthews
260 ## - PUBLICATION, DISTRIBUTION, ETC. (IMPRINT)
Place of publication, distribution, etc New Delhi
Name of publisher, distributor, etc PHI Learning
Date of publication, distribution, etc 2012
270 ## - ADDRESS
Address M-97, Connaught Circus
City New Delhi
Postal code 110001
300 ## - PHYSICAL DESCRIPTION
Extent xxxi,821p. :
Other physical details ill.
Dimensions 24cm(pbk)
Accompanying material 1CD-ROM
700 ## - ADDED ENTRY--PERSONAL NAME
Personal name Matthews, Alistair
9 (RLIN) 38730
942 ## - ADDED ENTRY ELEMENTS (KOHA)
Source of classification or shelving scheme Dewey Decimal Classification
Item type English Books
Classification part 004.682
Call number suffix HOL
Holdings
Withdrawn status Lost status Source of classification or shelving scheme Damaged status Not for loan Collection code Home library Current library Date acquired Source of acquisition Cost, normal purchase price Total Checkouts Full call number Barcode Date last seen Copy number Cost, replacement price Koha item type
    Dewey Decimal Classification   Not For Loan Non-fiction D.B.Act.Division D.B.Act.Division 10/01/2012 DBAD/PUB 695.00   004.682 HOL EN-88198 10/01/2012 1 695.00 English Books

© Delhi Public Library
Hit Counter
free hit counter